000 00575nam a2200229Ia 4500
003 OSt
005 20220924144612.0
006 a|||||r|||| 00| 0
007 ta
008 220923b |||||||| |||| 00| 0 urd d
024 _a316159
037 _cTextual
040 _aARTS
_cARTS
_burd
041 _2urd
_aurd
082 _aO168,1NG02x, M0
100 _aSyed Shamim Gauhar
_9217987
245 0 _aLab-o-lahja
260 _c1980
650 _aURDU POETRY
942 _hO168,1NG02x, M0
_cTEXL
_2CC
999 _c457589
_d457589